000 00624nam a2200241Ia 4500
999 _c93920
_d93920
003 0100
005 20170601121042.0
008 130307s9999 xx 000 0 und d
020 _a1869140141
040 _cARRUPELIB
050 _aDT2996 .B66 2003
100 _aBond, Patrick
_96724
245 _aZimbabwe's plunge
245 _bexhausted nationalism, neoliberalism, and the search for social justice
250 _a2nd ed.
260 _bUniversity of Natal Press
_aPietermaritzburg
_c2003
300 _axx
300 _b304 p. 23 cm
650 _aZimbabwe
_xPolitics and government
_y1980
_931935
700 _aManyanya, Masimba
_931936
942 0 0 _02
_2lcc
_cMONOGRAPH